| 000 | 00432nam a22001457a 4500 | ||
|---|---|---|---|
| 003 | OSt | ||
| 005 | 20221026052750.0 | ||
| 008 | 151027b xxu||||| |||| 00| 0 eng d | ||
| 020 | _a9781451146653 | ||
| 040 |
_cMMU _aMMU _beng _dMMU |
||
| 050 | _aRT 41.T46 2014 | ||
| 245 |
_aBrunner& Suddath's Textbook of Medical-Surgical Nursing/ _cHinkle janice L. |
||
| 260 |
_aNew York: _bWolters Kluwer, _c2014. |
||
| 942 |
_2lcc _cLOAN LOAN _e13th ed. |
||
| 999 |
_c15419 _d15419 |
||